Städte auf Nord-Friesisch - wie heißen sie auf Deutsch? - Statistiken

Allgemein
  • Dieses Quiz wurde 40 mal gespielt
  • Das Durchschnittsergebnis liegt bei 19 aus 27
Antwortstatistiken
Region Friesischer Name Tipps & Hinweise Deutscher / Einheimischer Name % Korrekt
Nordfriesland MO: Hüsem Hauptstadt Nordfrieslands;im Gedicht "Die Stadt" (1852) nannte der Dichter Theodor Storm seine Heimatstadt "die graue Stadt am Meer" - dies wurde ihr Beiname Husum
89%
Nordfriesland GO: Sankt Peter-Urdem ÖÖ: wie deutsch Sankt Peter-Ording
89%
Nordfriesland SÖ: Weesterlön' Haupt-Ort der Insel Söl' Westerland
89%
Deutschland MO: Bremerhuuwen Bremerhaven
81%
Deutschland FE: KokshuuwenÖÖ: Cuxhuuwen Cuxhaven
81%
Insel FE: FeerSÖ: Föör Föhr
81%
Deutschland FE: HamborigMO: Hamborj Hamburg
81%
Insel ÖÖ: OomramSÖ: Aamrem Amrum
78%
Schleswig-Holstein MO: FlansborjÖÖ: Flensborag Flensburg
78%
Schleswig-Holstein MO: Kil Kiel
78%
Deutschland ÖÖ: Wilhelmshuuwen Wilhelmshaven
78%
Schleswig-Holstein MO: Naimünster Neumünster
75%
Europa ÖÖ: Pariis Paris
75%
Insel ÖÖ: PelweremSÖ: Pelworem Pellworm
75%
Schleswig-Holstein FE: PinneberigHA: Pinneberri
MO: Pinnebärj
Pinneberg
75%
Schleswig-Holstein ÖÖ: Rendsborag Rendsburg
75%
Insel SÖ: Söl' Sylt
75%
Europa MO: Kopenhuuwen Kopenhagen
72%
Nordfriesland KA, MO: LeekÖÖ: Lääk Tipp: Synonym für "undichte Stelle" Leck (Nordfriesland)
69%
Schleswig-Holstein MO: Slaswik Schleswig
69%
Nordfriesland FE: A Wik MO, WI: E Wiik SÖ: wie auf deutsch Haupt-Ort der Insel Feer / Föör Wyk auf Föhr
69%
Insel FE: HaliglunGO: Haliloun
HA: Deät Lun HF: Hililöön MÖ: Hålilönj
ÖÖ: Halaglun
SÖ: Heliglön
WI: Häliiluin
Helgoland
64%
Nordfriesland MO: Naibel Der Autozug über den Hindenburgdamm beginnt hier seine Fahrt Niebüll
64%
Nordfriesland MO, ÖÖ: Fräärstää von Friedrich III. (dessen Namen es trägt), Herzog von Schleswig-Holstein-Gottorf, 1621 als Planstadt gegründetes "Holländerstädtchen" Friedrichstadt
53%
Nordfriesland MO: TaningÖÖ: Tönang an der Eider-Mündung gelegene Stadt Tönning
47%
Schleswig-Holstein MO: Luksborj (Ååstsiie) Ååstsiie = Ostsee;nördlichste Stadt Deutschlands Glücksburg (Ostsee)
33%
Nordfriesland FE: BriadsteedGO: Breetst
MO: Bräist
Geburtsort des „Malers der Friesen“, Christian Carl Magnussen (1821-1896) Bredstedt
25%
Keine übereinstimmenden Quizze gefunden
Verteilung der Resultate
Anzahl Personen mit jedem Resultat
Perzentil nach korrekt beantworteten Fragen
Ihre Resultats-Entwicklung
Sie haben dieses Quiz noch nicht gespielt